000 01121nam a2200265Ia 4500
005 20240530095241.0
008 140319s2008 xx 000 0 ara d
040 _aGCL /
_cGCL
082 0 4 _a651.3741 /
_bع س
100 1 _aعبدالرحمن توفيق
245 1 0 _aالسكرتارية /
_bمهارات تنظيم وادارة العمل
_cتاليف عبدالرحمن توفيق
_nالجزء الاول
_nالجزء الثانى
_pمهارات التعامل مع الاخرين
260 _aالقاهرة :
_bمركز الخبرات المهنية للادارة (ببميك) ،
_c2008
300 _aمتعدد ؛
_c24 سم
490 _aسلسلة اصدارات بميك
_v28 - 29
650 0 4 _aادارة الاعمال
650 0 4 _aالعلاقات العامة
650 0 4 _aادارة المكاتب
650 0 4 _aالسكرتارية
650 0 4 _aالاتصالات الادارية
650 0 4 _aالتليفون - اتصالات
650 0 4 _aالبريد الصادر
650 0 4 _aالبريد الوارد
942 _2ddc
_cBK
999 _c5431
_d5431